00873nac a22002291u 4500010000500000020001500005082001700020090001500037100003400052245012400086260005200210300002100262500002600283504005100309511002600360650001300386700002000399856008500419942001900504999001500523952010500538 a a155738291300a332.645bMAN c9891d9891 a20080729 04aManaged futures :bperformance, evaluation & analysis of commodity funds, pools and accounts/cCarl C. Peters, editor aChicago :bProbus Publishing Company,1992c1992 a442 p. ;c24 cm. adistributer: Al-Ahram aIncludes bibliographical references and index. acatalogued by: wessam 0aFutures.1 aPeters, Carl C.423Publisher descriptionuhttp://www.loc.gov/catdir/description/mh022/96029592.html cBBk332.645MAN c9891d9891 00104070aMAINbMAINc1STd2011-06-08ePurchasel0o332.645MANp000012204r2025-07-15 00:00:00yBB